| 000 | 00766nam a22002057a 4500 | ||
|---|---|---|---|
| 999 |
_c19162 _d19162 |
||
| 003 | AR-CdUCM | ||
| 008 | 190516b ||||| |||| 00| 0 spa d | ||
| 040 |
_aMUNICIPALIDAD PROVINCIAL DEL CUSCO _cBIBLIOTECA MUNICIPAL DEL CUSCO |
||
| 082 |
_a376.9 / _bP77 |
||
| 100 |
_aPopham, W. James _937375 |
||
| 245 | _aPlaneamiento de la enseñanza / | ||
| 260 |
_aMexico : _bCentro regional de ayuda tecnica, _bPaidos, _c1970. |
||
| 300 |
_a131 paginas ; _c20 cm. |
||
| 505 | _aContenido: Plan de obra -- Practica adecuada -- Conocimiento de resultados -- Analisis y planeamiento de la conducta de los alumnos -- Evaluación... | ||
| 650 |
_aEnseñanza _91616 |
||
| 650 |
_aDidactica _95011 |
||
| 650 |
_aHistoria _9246 |
||
| 942 |
_2ddc _cLIBROS |
||
| 945 |
_apjha _d2019-05-16 |
||